00345 2200145 4500001002100000005001500021035002000036245003900056100001700095250000600112260003500118082000800153084001400161990002400175INLIS00000000000247520250604110122 a0010-06250000611 aHadiah Dari Rantau /cIsmet Fanany0 aIsmet Fanany a1 aJakarta :bAngkasa Jaya,c2002 a813 a813 ISM h a02.1800 s/d 02.1809